Представление документа в формате RUSMARC

ПолеНазваниеЗначение
  Тип записи a
  Библиографический уровень m
001 Контрольный номер ff2c041b3d6a458cad08929501541c1c
005 Дата корректировки 20140526192823.5
200 Заглавие и сведения об ответственности __
a Заглавие Коммерческо-посредническая деятельность на товарном рынке
e Сведения, относящиеся к заглавию Учеб. пособие
f Первые сведения об ответственности Урал.гос.экон.ун-т.Шк.управления,бизнеса и коммерции "Комби";[Зырянов А.В.и др];Под ред.А.В.Зырянова
210 Выходные данные __
a Место издания Екатеринбург
c Издательство РИФ "Солярис"
d Дата издания 1995
215 Физическое описание __
a Объем 402
300 Общие примечания __
a Общие примечания 10экз.
610 Ключевые слова __
a Ключевые слова Оптовая торговля
686 Индексы других классификаций __
a Классификационный индекс 65.9(2)421
2 Код системы rubbk
686 Индексы других классификаций __
a Классификационный индекс 65.9(2)421.3я73
2 Код системы rubbk
801 Источник записи _0
a Страна RU
b Организация РУК
c Дата составления 19980629
g Правила каталогизации PSBO
801 Источник записи _1
a Страна RU
b Организация РУК
c Дата составления 19980629
g Правила каталогизации PSBO
852 Данные о местонахождении __
i Авторский знак К63
j Шифр хранения 65.9(2)421.3я73
901 Тип документа __
t Тип документа m
938 Служебная информация __
a Название организации Головной вуз
b Имя БД BOOK
c Название АИБС АИБС ИРБИС